| 000 | 02209nam a2200385 i 4500 | ||
|---|---|---|---|
| 003 | EG-GICUC | ||
| 005 | 20260121101630.0 | ||
| 008 | 251231s2012 ua d|||fr|||| 000 0 ara d | ||
| 017 | _a2011/21133 | ||
| 020 | _a977-6223-15-8 | ||
| 040 |
_a EG-GICUC _bara _c EG-GICUC _d EG-GICUC _erda |
||
| 041 | 0 | _aara | |
| 082 | 0 | 4 |
_221 _a343.651 _bز ن . ع |
| 092 | 0 | 4 | _221 |
| 099 | _aLaw1 10 343.651 ز ن . ع 2012 | ||
| 100 | 0 |
_aزينب وحيد دحام. _eمؤلف. |
|
| 245 | 1 | 2 |
_aالعنف العائلي في القانون الجزائي / _cزينب وحيد دحام. |
| 250 | _aالطبعة الأولي. | ||
| 264 | 1 |
_aالقاهرة : _bالمركز القومي للإصدارات القانونية, _c2012. |
|
| 300 |
_a274 صفحة, صفحات غير مرقمة : _bجداول ؛ _c24 سم. |
||
| 336 |
_2rda content _atext |
||
| 337 |
_2rda media _aComputer |
||
| 338 |
_2rda carrier _aOnline Resource |
||
| 500 | _aأطروحة قدمتها الطالبة زينب وحيد دمام. | ||
| 504 | _a ببليوجرافيا: صفحات 235-259 | ||
| 504 | _aيشتمل على إرجاعات ببليوجرافية. | ||
| 505 | _aالعنف والعدوان - العنف مفهوم العنف العائلي - العنف في الشريعة الإسلامية - والإرهاب - أسباب العنف العائلي ومظاهره - الكحول والمخدرات - الممارسة - العادات والتقاليد الاجتماعية - الإعلام - الأسباب الاقتصادية والاجتماعية والثقافية - مظاهر العنف الأسري - نطاق العنف المشروع - حق تأديب الزوجة - حق تأديب الصغار - وسيلة التأديب - موقف المواثيق الدولية والقوانين من العنف العائلي غير المشروع | ||
| 520 | _aيشتمل علي ملخص بالإنجليزية. | ||
| 546 | _aالنص أغلبه باللغة العربية مع بعض النصوص الإنجليزية | ||
| 650 | 1 |
_aالإجرام العنف. _2qrmak |
|
| 651 | 1 | _2qrmak | |
| 856 | 4 | 0 | _uhttps://fll.law.cu.edu.eg/fulltext/bks/B10-07080.pdf |
| 905 | _a62 | ||
| 942 |
_2ddc _cBK _e21 _n0 |
||
| 999 |
_c53545 _d53545 |
||